000 01066cam a22003137a 4500
003 CHAP
005 20220329141603.0
008 971013s1992 r 00010 d
010 _a70576
011 _a71548
035 _a81102
040 _cCHAP
090 _aFolleto 13060
100 0 0 _aCruz León, Artemio.
_929466
245 1 0 _aEspinas y pulpa el chayote, planta mesoamericana :
_bguía de la exposición
260 _aChapingo, Méx. :
_bUACH,
_c1992
300 _a21 p.
590 _aBATCH-UPD
_b10
_c20130110
_lUCH01
_h1352
590 _aBATCH-UPD
_b10
_c20130410
_lUCH01
_h0848
590 _aBATCH-UPD
_b10
_c20130914
_lUCH01
_h0919
590 _aCONVERSION
_b10
_c20130109
_lUCH01
_h1339
650 1 4 _aChayote.
_922080
710 _aMuseo Nacional de Agricultura. México.
_979872
901 _aBK
942 _cFOLL
949 _aFolleto 13060
_bBC
_cFOLL
_d33724002124248
_eTS2
_fc.2
_gI.c/e
_i81102
_sb
_t$10.00
949 _aFolleto 13060
_bBC
_cFOLL
_d33724002231520
_eTS2
_fc.3
_gDonaciØn
_i81102
_si
949 _aFolleto 13060
_bBC
_cUACH
_d-34271
_eUACH
_i81102
_si
999 _c70576
_d70576